Quizzes
Events
Quiz Creation
Community
Videos
Private Events
Remove Ads
Sign In
Join for FREE
Feedback
Dark Mode
Quiz Categories
Sports
Geography
Music
Movies
Television
Just For Fun
Miscellaneous
History
Literature
Language
Science
Gaming
Entertainment
Religion
Holiday
For Kids
Quiz Lab
Recent
Popular Today
Quiz Kudos Today
Editor Picks
Curator Picks
Quizzes by...
Day
Popularity
Type
Ratings
Length
Year
Community
Subscriptions
Recent Discussions
Orange Saloon
Badges
Playlists
Quests
Create
Leaderboards
Showdown
Live 5
Trivia Bingo
Activity
Puzzle Library
Sporcle Events
Private Events
Virtual Trivia
Globe League
Become a Host
Pub Owners
SporcleCon
Opinionation
Our Games
Videos
Blog
Mobile Apps
Partnerships
Remove Ads and Go Orange
Feedback
History
US Presidents
World Leaders
Politics
Nation
Discovery
War
Decade
Year
Century
Biography
Art
History
US Presidents
World Leaders
Politics
Nation
Discovery
War
Decade
Year
Century
Biography
Art
Random Quiz
Search Sporcle
×
Quiz Lab
Quiz Lab
History
Norman
Type in answers that appear in a list
Type in answers that appear in a list
Classic
Best Score? Go Orange.
House of Normandy Facts Stats
Can you name the facts about the various Norman kings of England?
By
TristanM
10m
28 Questions
96 Plays
96 Plays
96 Plays
Comments
Comments
Give Quiz Kudos
Give Quiz Kudos
-
- Ratings
hide this ad
More Info
Replay
Link that replays current quiz
Next Quiz
Link to next quiz in quiz playlist
You Got
0%
They Got
Avg Score
42%
Avg Friend Score
Upgrade to see
Score Distribution
Jump to the score distribution portion of the page
Score
0/28
Timer
10:00
0
Plays Today
% Correct
1087
81.3%
William the Conqueror/William the Bastard
75%
William I of England
74%
William I of England
74%
William Rufus
61.5%
c.1068
61.5%
c.1028
60.4%
1100
60.4%
1135
50%
c.1056
46.9%
Matilda of Flanders
46.9%
Matilda of Flanders
46.9%
Matilda of Flanders
46.9%
c.1092
46.9%
% Correct
1154
42.7%
Stephen of Blois
37.5%
25th December 1066
36.5%
Robert I, Duke of Normandy
35.4%
N/A
33.3%
Henry Beauclerc/Henry, Lion of Justice
33.3%
Adela of Normandy
32.3%
Matilda of Scotland
31.3%
Matilda of Boulogne
27.1%
Herleva of Falaise
22.9%
Stephen II, Count of Blois
16.7%
5th August 1100
8.3%
26th September 1087
6.3%
26th December 1135
3.1%
Quiz Playlist
Details
Report
Send in Message
Add To Playlist
More Info:
Because of the number of Matildas, you have to enter the specific Matilda (eg Matilda of [place name])
Classic:
Type in answers that appear in a list
Quiz Source
Last Updated: Feb 16, 2017
Quiz Scoreboard
CHALLENGE
Sign Up to Join the Scoreboard
Show All
Scores
Hide
Comments
May contain spoilers
Recently Published
College Basketball Coaching Resumes
by pancakes188
Sports
9m
Billboard Blitz: Fleetwood Mac
by CooCooCachoo
Music
15s
Presidents Visiting Landmarks
by Hejman
History
7m
More to Explore
Quiz From the Vault
Featured Blog Post
Where Did the Easter Bunny Come From?
hide this ad
You Might Also Like...
Tags
England
house
King
Norman
Normandy
Today's Top Quizzes in History
Browse History
hide this ad
Today's Top Quizzes in Norman
Browse Norman
Top Contributed Quizzes in History
1
Popular People in 1991
2
Popular People in 1981
3
Popular People in 1951
4
Popular People in 1941
5
Popular People in 1986
6
Popular People in 1976
7
Popular People in 1921
8
5-to-1: 20th Century Images of War
9
I Am Born On March 28th
10
Popular People in 1946
Explore More
Trending Topics
Kpop
Harry Potter
Marvel
Disney
NBA
Crossword
Anime
The Office
WWE
Song
NFL
Soccer
Country
Puzzle
Pokémon
hide this ad
More By:
TristanM
Quiz
Plays
Rating
Category
Featured
Created
Instruments of Baroque Orchestras
239
4.60
Music
Feb 7, 2012
Bad Translator: James Bond
207
1.75
Movies
Mar 1, 2012
Anglican Dioceses (UK)
194
5.00
Religion
Feb 6, 2012
British Queens Regnant
129
4.00
History
Feb 4, 2012
House of Normandy Facts
96
4.00
History
Jan 14, 2012
Go to Creator's Profile
Score Distribution
Quiz Creator Spotlight
TristanM
Follow
Send a Message
Quizzes Created
-
Created Quiz Play Count
-
More By This Creator
Popular Quizzes Today
1
Find the US States - No Outlines Minefield
2
Find the Countries of Europe - No Outlines Minefield
3
The Countries of the World
4
Find the US States
5
Risky Map Clicking: Biggest States A-Z
6
US States
7
Popular People in 1961
8
Movies - When Are They Set?
More History Quizzes
Alphabetical 'History by Decade'
Published
Trending Quizzes
Risky Map Clicking: Least Populous States A-Z
1-10 Letter G Words
1-10 Letter F Words
Risky Map Clicking: Next State Alphabetically
Risky Map Clicking: Biggest States A-Z
Recently Updated
Leaping Animals
pecheneg
Reality TV Shows (A-Z)
bhenderson79
Rickey Henderson's Hall of Fame Teammates
pecheneg
Champions League XIs: Arsenal
pecheneg
Quick Pick: Celebrities in WWE's Hall of Fame
aduchscher
A-Z Keypad Blitz II
pecheneg
Multiple Oscar Actors
pecheneg
Mystery Phrase Blitz: Oscar 'Best Actors'
pecheneg
F. Scott Fitzgerald Novels
LTH
Pick 3 Villains
ddd62291
Trending Topics
Harry Potter
Marvel
Crossword
NBA
Anime
Kpop
Disney
WWE
Song
NFL
Pokémon
Puzzle
Soccer
The Office
Country
Your Account Isn't Verified!
In order to create a playlist on Sporcle, you need to verify the email address you used during registration. Go to your
Sporcle Settings
to finish the process.
Report this User
Report this user for behavior that violates our
Community Guidelines
.
Details:
Send Report
Go to the Sporcle.com Mobile Site →
Comments